000
00382nam a2200145Ia 4500
008
100122s9999 xx 000 0 und d
082
_b
43671
_a
823.08
100
_a
नलगे राजाराम
245
_a
ईर्षा
260
_b
सुरेश वैद्य
_c
1989
300
_a
126
630
_a
ईर्षा
730
_a
ईर्षा
942
_c
BOOK
999
_c
423687
_d
423684